LEADER 00758nam a2200205 i 4500 001 000000134897 003 CaOOAMICUS 005 20160810000000.0 008 160810s1996 it u000 u ita u 013 $a108140 020 $a88-384-2544-2 040 $aSeMil$bita 245 10$aProlusioni 1991-1996. 300 $a430 p. ;$c22 cm. 773 0 $aRuini, Camillo $tChiesa del nostro tempo.$dCasale Monferrato (AL) : Piemme, [199-?]$g[1$w()15514 850 $aSeMil 852 $aSeMil$W1$xVenegono$y1$m2F VII 105$j88607$B88607$CSeMilBibl$Z2$F213940 $81 961 $aLascito: Citterio Mons. Bernardo <1908-2002> 996 $6020$a88-384-2544-2$9(OLS)http://semarc/number/122227 996 $6245$aProlusioni 1991-1996$9(OLS)http://semarc/title/197408 LEADER 01270nam a2200289 i 4500 001 000000197981 003 CaOOAMICUS 005 20250725123510.0 008 110222s2010 it u000 u ita u 013 $a176669 020 $a978-88-308-1080-8 040 $aSeMil$bita 100 1 $aGalimberti, Umberto,$d<1942- >.$0(OLS)http://semarc/name/7701 245 10$aSenza l'amore, la profezia č morta :$bil prete oggi /$cUmberto Galimberti ; a cura di Gianluigi Pasquale. 260 $aAssisi :$bCittadella,$c2010. 300 $a131 p. ;$c19 cm. 490 0 $aComunitā cristiana: linee emergenti 650 4$aSacerdoti - Spiritualitā.$0(OLS)http://semarc/subject/9029 700 1 $aPasquale, Gianluigi,$c.$0(OLS)http://semarc/name/93001 830 0$aComunitā cristiana: linee emergenti.$0(OLS)http://semarc/title/11284 850 $aSeMil 852 $aSeMil$W1$xVenegono$y1$m3G I 293$j148537$B148537$CSeMilBibl$Z2$F165810 $81 961 $aOmaggio: Bressan don Luca 996 $6020$a978-88-308-1080-8$9(OLS)http://semarc/number/190186 996 $6245$aSenza l'amore, la profezia č morta :$bil prete oggi$9(OLS)http://semarc/title/285945 996 $6260$aAssisi :$bCittadella$9(OLS)http://semarc/publisher/29661